[Event "Titled Tue 17th Sep Early"]
[Site "chess.com INT"]
[Date "2024.09.17"]
[Round "5"]
[White "Nakamura,Hi"]
[Black "Aravindh,Chithambaram VR."]
[Result "1-0"]
[WhiteElo "2802"]
[BlackElo "2698"]

1.b3 b6 2.Bb2 Bb7 3.Nf3 Nf6 4.g3 g6 5.Bg2 Bg7 6.O-O O-O 7.e3 e6 8.Qe2 Qe7
9.c4 c5 10.d4 d6 11.Rd1 Nbd7 12.a4 a6 13.a5 bxa5 14.Rxa5 Rab8 15.Nbd2 Rfc8
16.Ne1 Bxg2 17.Kxg2 d5 18.Ba3 dxc4 19.bxc4 Rc6 20.Qf3 Qd8 21.Ra4 Qc8 22.Nd3 cxd4
23.exd4 h5 24.Nb4 Rcb6 25.c5 Rb5 26.Nc6 Nd5 27.Nxb8 Rxb8 28.Rc4 a5 29.c6 N7f6
30.c7 Rb7 31.Bd6 Bf8 32.Bxf8 Kxf8 33.Rdc1 Kg7 34.Ne4 Nxe4 35.Qxe4 a4 36.Qe5+ f6
37.Qd6 a3 38.Qd8  1-0

[Event "Titled Tue 17th Sep Early"]
[Site "chess.com INT"]
[Date "2024.09.17"]
[Round "6"]
[White "Hakobyan,Aram"]
[Black "Nakamura,Hi"]
[Result "0-1"]
[WhiteElo "2617"]
[BlackElo "2802"]

1.e4 c6 2.d4 d5 3.e5 Bf5 4.Nf3 e6 5.c3 Ne7 6.Be2 Nd7 7.O-O h6 8.Na3 a6 9.Nc2 g5
10.Nfe1 c5 11.Bd3 Rc8 12.f4 Qb6 13.Kh1 g4 14.Rb1 h5 15.Bxf5 Nxf5 16.Ne3 cxd4
17.Nxf5 exf5 18.Nc2 Nc5 19.Nxd4 Ne4 20.Nxf5 Qg6 21.Ne3 g3 22.hxg3 Nxg3+ 23.Kg1 Nxf1
24.Nxd5 Bc5+ 25.Kxf1 Qxb1 26.Nf6+ Kf8 27.Ke2 Qg6 28.Qd5 Be7 29.Qxb7 Rd8 30.Nd7+ Kg7
31.Be3  0-1

[Event "Titled Tue 17th Sep Late"]
[Site "chess.com INT"]
[Date "2024.09.17"]
[Round "6"]
[White "Nakamura,Hi"]
[Black "Yoo,Christopher Woojin"]
[Result "1-0"]
[WhiteElo "2802"]
[BlackElo "2603"]

1.e4 e5 2.Bc4 Nf6 3.d3 c6 4.Nf3 d5 5.Bb3 Bd6 6.Nc3 h6 7.O-O dxe4 8.Nxe4 Nxe4
9.dxe4 O-O 10.Qe2 Qf6 11.h3 Na6 12.a3 Nc5 13.Ba2 Be6 14.Bxe6 Qxe6 15.Nh4 Rfd8
16.b3 Bf8 17.Bb2 a5 18.Rfd1 Rxd1+ 19.Rxd1 a4 20.b4 Nd7 21.Nf3 f6 22.Nh4 Nb6
23.Nf5 Kh7 24.Ne3 c5 25.c3 cxb4 26.cxb4 Rc8 27.Rd3 Qa2 28.Kh2 Qe6 29.h4 Kg8
30.h5 Kh7 31.Nf5 Nc4 32.Rg3 Nd6 33.Nxd6 Bxd6 34.Bc3 Bf8 35.Qf3 b5 36.Bd2 Rc2
37.Qd3 Rc4 38.Be3 Qf7 39.Rh3 Qb7 40.Qd8 Qf7 41.Qa8 Bd6 42.Qa6 Qd7 43.Qa8 Qg4
44.Qd5  1-0

[Event "Titled Tue 17th Sep Early"]
[Site "chess.com INT"]
[Date "2024.09.17"]
[Round "7"]
[White "Nakamura,Hi"]
[Black "Paravyan,D"]
[Result "1-0"]
[WhiteElo "2802"]
[BlackElo "2620"]

1.e4 e5 2.Bc4 Nf6 3.d3 Be7 4.Nc3 O-O 5.f4 exf4 6.Bxf4 c6 7.e5 Ne8 8.d4 d5
9.Bd3 c5 10.Qh5 g6 11.Qh6 c4 12.Be2 Ng7 13.g4 Nc6 14.O-O-O Ne6 15.Be3 Ncxd4
16.h4 Bc5 17.Kb1 Re8 18.Bxd4 Bxd4 19.Nf3 Bxc3 20.bxc3 Qb6+ 21.Kc1 Qa5 22.h5 Qa3+
23.Kd2 Qf8 24.Qe3 Qc5 25.hxg6 Qxe3+ 26.Kxe3 hxg6 27.Rxd5 Nc7 28.Rc5 Re7 29.Rxc4 Be6
30.Rd4 Bxa2 31.c4 b5 32.cxb5 Bd5 33.c4 Bxf3 34.Bxf3 Rxe5+ 35.Kf2 Rae8 36.Ra1 Ne6
37.Rd7 Nf4 38.Raxa7 Nh3+ 39.Kg3 Re3 40.Rxf7 Ng5 41.Rf4 Rc3 42.b6 Ree3 43.b7 Rxf3+
44.Rxf3 Rxf3+ 45.Kg2  1-0

[Event "Titled Tue 17th Sep Late"]
[Site "chess.com INT"]
[Date "2024.09.17"]
[Round "7"]
[White "Esipenko,Andrey"]
[Black "Nakamura,Hi"]
[Result "0-1"]
[WhiteElo "2677"]
[BlackElo "2802"]

1.e4 e5 2.Nf3 Nc6 3.Bb5 Nf6 4.d3 Bc5 5.Ba4 O-O 6.O-O d6 7.c3 h6 8.Nbd2 a6
9.h3 b5 10.Bb3 Bb6 11.Re1 Be6 12.Nf1 d5 13.exd5 Nxd5 14.Ng3 Re8 15.Ne4 Nf6
16.Bxe6 Rxe6 17.Be3 Bxe3 18.Nxf6+ Qxf6 19.Rxe3 Ne7 20.d4 e4 21.Nd2 Qg6 22.Qg4 Qh7
23.c4 bxc4 24.Nxc4 Nd5 25.Rb3 Rae8 26.Re1 f5 27.Qg3 h5 28.h4 Rg6 29.Qh2 Qh6
30.Rd1 Nf4 31.g3 Nd3 32.Ne5 Rd6 33.Nxd3 Rxd4 34.Qh3 Qf6 35.Qf1 Red8 36.Qe2 c5
37.Qxh5 c4 38.Rb7 cxd3 39.Rc1 d2 40.Rd1 f4 41.Kg2 e3 42.Qf3 Qe6 43.gxf4 e2
44.f5 e1=N+  0-1

[Event "Titled Tue 17th Sep Early"]
[Site "chess.com INT"]
[Date "2024.09.17"]
[Round "8"]
[White "Xiong,Jeffery"]
[Black "Nakamura,Hi"]
[Result "1-0"]
[WhiteElo "2646"]
[BlackElo "2802"]

1.e4 c6 2.Nf3 d5 3.d3 dxe4 4.dxe4 Qxd1+ 5.Kxd1 Nf6 6.Nfd2 e5 7.f3 Be6 8.Bc4 Ke7
9.a4 Nfd7 10.Ke2 f6 11.Bxe6 Kxe6 12.Nb3 b6 13.Be3 Na6 14.a5 b5 15.N1d2 Be7
16.Rhc1 c5 17.c4 b4 18.Nf1 Nab8 19.Bf2 Nc6 20.Ke1 Nd4 21.Nbd2 Nb8 22.Ne3 Nbc6
23.Nd5 Bd6 24.Bxd4 Nxd4 25.Kf2 a6 26.h4 h5 27.Rh1 Rh6 28.Nf1 Nb3 29.Rd1 Nd4
30.Nfe3 g6 31.g4 Rh7 32.Rdg1 Kf7 33.Rg2 hxg4 34.fxg4 Rah8 35.Rgh2 Ne6 36.h5 g5
37.Nf5 Bb8 38.Ke3 Rd8 39.Rf2 Nf4 40.Rd1 Rhh8 41.Rfd2 Ne6 42.Rf1 Nd4 43.Nfe7 Rh6
44.Rdf2 Rd6 45.Ng6 f5 46.Rxf5+ Nxf5+ 47.Rxf5+ Kg7 48.Rxg5 Rdxg6 49.Rxg6+ Rxg6
50.hxg6 Kxg6 51.Ne7+ Kg5 52.Nc6 Bc7 53.Kf3 Kg6 54.Kg3 Kg5 55.b3 Bd6 56.Nd8 Kg6
57.g5 Bc7 58.Ne6 Bxa5 59.Nxc5 Kxg5 60.Nxa6 Kf6 61.Kg4 Kg6 62.Nc5 Bc7 63.Nd3 Kf6
64.Nxb4 Bd6 65.Nd3 Be7 66.b4 Ke6 67.c5 Kd7 68.b5 Ke6 69.b6 Kd7 70.Nxe5+ Kc8
71.Nd3 Kb7 72.Kf5 Kc6 73.Ke6 Bh4 74.e5 Bg3 75.Kf7  1-0

[Event "Titled Tue 17th Sep Late"]
[Site "chess.com INT"]
[Date "2024.09.17"]
[Round "8"]
[White "Nakamura,Hi"]
[Black "Dubov,Daniil"]
[Result "1/2-1/2"]
[WhiteElo "2802"]
[BlackElo "2693"]

1.e4 c5 2.Nf3 d6 3.c3 Nf6 4.Bd3 Nc6 5.Bc2 Bg4 6.d3 g6 7.Nbd2 Bg7 8.h3 Bd7
9.O-O O-O 10.a3 e5 11.b4 a6 12.bxc5 dxc5 13.a4 b5 14.Nb3 c4 15.dxc4 bxc4
16.Nc5 Bc8 17.Qe2 Qc7 18.Ba3 Re8 19.Qxc4 Na5 20.Qe2 Bf8 21.Nd3 Bxa3 22.Rxa3 Bb7
23.Nb4 Nc4 24.Raa1 Nd6 25.Bd3 a5 26.Na2 Ndxe4 27.Bb5 Re7 28.Rfe1 Kg7 29.c4 Rd8
30.Qb2 Rd3 31.Qe2 Rd8 32.Qb2 Rd3 33.Qe2 Rd8  1/2-1/2

[Event "Titled Tue 17th Sep Early"]
[Site "chess.com INT"]
[Date "2024.09.17"]
[Round "9"]
[White "Nakamura,Hi"]
[Black "Lazavik,Denis"]
[Result "1-0"]
[WhiteElo "2802"]
[BlackElo "2578"]

1.b3 d5 2.Bb2 Nf6 3.g3 Bf5 4.Bg2 e6 5.d3 Be7 6.Nf3 h6 7.O-O O-O 8.Nbd2 c6
9.c4 a5 10.a3 Nbd7 11.Rc1 Bh7 12.Rc2 Re8 13.Qa1 Qb6 14.Rfc1 Bf8 15.Bd4 c5
16.Bb2 d4 17.Re1 e5 18.e4 dxe3 19.Rxe3 Ng4 20.Re1 Bxd3 21.Rc3 e4 22.Nh4 Ndf6
23.h3 Ne5 24.Rcc1 Ned7 25.Nf5 g6 26.Ne3 Rad8 27.Bc3 h5 28.Rcd1 Bh6 29.Qb2 Kh7
30.Ndf1 Bg7 31.Nd2 Qa6 32.f4 b5 33.cxb5 Qxb5 34.a4 Qc6 35.Ndc4 Rb8 36.Rxd3  1-0

[Event "Titled Tue 17th Sep Late"]
[Site "chess.com INT"]
[Date "2024.09.17"]
[Round "9"]
[White "Carlsen,M"]
[Black "Nakamura,Hi"]
[Result "1/2-1/2"]
[WhiteElo "2832"]
[BlackElo "2802"]

1.Nf3 d5 2.b3 c5 3.e3 Nc6 4.Bb2 f6 5.d4 Bg4 6.h3 Bh5 7.Be2 e6 8.O-O Rc8 9.c4 cxd4
10.Nxd4 Bxe2 11.Qxe2 Nxd4 12.exd4 Kf7 13.Nc3 Ne7 14.Rfe1 Qd7 15.Qh5+ g6 16.Qf3 Bg7
17.Ba3 dxc4 18.Ne4 Nf5 19.Rad1 Rhd8 20.d5 e5 21.Nc5 Qe7 22.d6 Rxd6 23.Rxd6 Qxd6
24.Qxb7+ Rc7 25.Qb4 Qd5 26.bxc4 Qc6 27.Ne4 Rb7 28.Qa5 Rd7 29.Bc5 g5 30.Qb5 Rc7
31.Qxc6 Rxc6 32.Bxa7 Ra6 33.Be3 Rxa2 34.Rb1 h5 35.g4 hxg4 36.hxg4 Nxe3 37.fxe3 Bf8
38.Rb7+ Be7 39.Rc7 Ke6 40.Rc6+ Kf7 41.Kf1 Rc2 42.Ng3 Bb4 43.Nf5 Ba3 44.Rc7+ Ke8
45.Ke1 Bb4+ 46.Kd1 Rg2 47.Rb7 Bf8 48.Rb8+ Kf7 49.Rb7+ Ke8 50.Rb6 Rxg4 51.Rxf6 Rxc4
52.Re6+ Kf7 53.Rxe5 g4 54.Ke2 Kf6 55.Rd5 Rc5 56.Rxc5 Bxc5 57.Nh6 Bxe3 58.Nxg4+  1/2-1/2

[Event "Titled Tue 17th Sep Late"]
[Site "chess.com INT"]
[Date "2024.09.17"]
[Round "10"]
[White "Nakamura,Hi"]
[Black "Terry,R"]
[Result "1-0"]
[WhiteElo "2802"]
[BlackElo "2508"]

1.d4 e6 2.c4 Bb4+ 3.Nd2 Nf6 4.Nf3 a5 5.a3 Bxd2+ 6.Nxd2 d6 7.b3 O-O 8.Bb2 Qe7
9.e3 e5 10.Be2 Re8 11.O-O Nc6 12.Bd3 Bg4 13.Qc2 e4 14.Nxe4 Nxe4 15.f3 Bf5
16.Rae1 Bg6 17.fxe4 Bxe4 18.Rf4 Bxd3 19.Qxd3 Qg5 20.Ref1 Qg6 21.e4 Re7 22.Qf3 h5
23.h3 Rae8 24.Re1 Nd8 25.Rh4 a4 26.b4 Ne6 27.e5 dxe5 28.dxe5 Rd7 29.Qxh5 Qxh5
30.Rxh5 Rd2 31.Bc1 Rc2 32.Rd1 Rxc4 33.Rf5 Rd8 34.Rdf1 Rd7 35.R5f3 b6 36.Kh2 Rc2
37.Rg3 Rc4 38.Bg5 Kh7 39.Rf5 Re4 40.Bf6 g6 41.Rf2 Red4 42.Rc2 Rd3 43.Rc4 g5
44.Rgg4 Kh6 45.h4 R7d4 46.Bxg5+ Kh5 47.Rgxd4 Rxd4 48.Rxd4 Nxd4 49.Kh3 Nb5
50.g4+ Kg6 51.Bc1 c5 52.h5+ Kh7 53.bxc5 bxc5 54.Kg3 Nd4 55.Be3 Nb3 56.Kf3 c4
57.Ke4 Kg7 58.g5 Kh7 59.Bf4 Kg7 60.Ke3 Kh7 61.Kf3 Kg8 62.Ke2 Kh7 63.Be3 Kg7
64.Kd1 Na5 65.Kc2 Nc6 66.Kc3 Kg8 67.e6 fxe6 68.Kxc4 Ne5+ 69.Kb5 Kf7 70.g6+ Kg8
71.Kxa4 Nc4 72.Bc1 e5 73.Kb4 Nb6 74.h6 Nd5+ 75.Kc4 Ne7 76.g7 Nf5 77.a4 e4
78.a5 e3 79.Bxe3 Nxe3+ 80.Kc5 Ng4 81.a6 Ne5 82.a7  1-0

[Event "Titled Tue 17th Sep Early"]
[Site "chess.com INT"]
[Date "2024.09.17"]
[Round "10"]
[White "Nakamura,Hi"]
[Black "Firouzja,Alireza"]
[Result "0-1"]
[WhiteElo "2802"]
[BlackElo "2767"]

1.Nf3 c6 2.c4 d6 3.d4 Nf6 4.Nc3 Qc7 5.e4 e5 6.d5 Be7 7.Be2 Nbd7 8.O-O Nf8
9.b4 Ng6 10.Be3 O-O 11.Rc1 h6 12.c5 Ng4 13.cxd6 Bxd6 14.Bc5 Bxc5 15.bxc5 Qa5
16.Nd2 Nf6 17.Nb3 Qb4 18.Qc2 Nf4 19.Bf3 a5 20.a4 Bd7 21.Rfd1 Rfe8 22.g3 Nh3+
23.Kh1 cxd5 24.exd5 Ng4 25.Rf1 Nhxf2+ 26.Rxf2 Nxf2+ 27.Qxf2 Qxb3 28.Be4 Qb4
29.d6 Rec8 30.Bd5 Rf8 31.Ne4 Rac8 32.Rf1 Kh8 33.g4 f5 34.gxf5 Rxf5 35.Qe2 Rxf1+
36.Qxf1 Qd4 37.Qf7 Bh3 38.Nf2 Qa1+  0-1

[Event "Titled Tue 17th Sep Late"]
[Site "chess.com INT"]
[Date "2024.09.17"]
[Round "11"]
[White "Martinez Alcantara,Jose Eduardo"]
[Black "Nakamura,Hi"]
[Result "1-0"]
[WhiteElo "2607"]
[BlackElo "2802"]

1.e4 e5 2.Nf3 Nc6 3.Bb5 Nf6 4.O-O Nxe4 5.d4 Nd6 6.dxe5 Nxb5 7.a4 Na3 8.Nxa3 Be7
9.Nc4 O-O 10.b3 b6 11.Re1 Re8 12.Bb2 Bc5 13.Qd5 Bb7 14.Qd2 Na5 15.Nxa5 Bxf3
16.gxf3 bxa5 17.Re4 d5 18.Rg4 d4 19.Bxd4 h5 20.Re4 f5 21.Rf4 Rxe5 22.Kh1 Rd5
23.c3 Bf8 24.Qe3 Qd7 25.c4 Rd6 26.c5 Rd5 27.Rg1 Re8 28.Qc3 c6 29.Rh4 Re6
30.Be3 Qf7 31.Qxa5 Kh7 32.Qc3 g6 33.Qc4 Bg7 34.b4 Qf6 35.b5 Qd8 36.Rh3 Qd7
37.Rhg3 Be5 38.R3g2 f4 39.Bxf4 Rd4 40.Qc2 Qf7 41.Bxe5 Rxe5 42.Rxg6 Qf5 43.Qxf5 Rxf5
44.Rxc6 Rxf3 45.Rc7+ Kh6 46.Rc8 Kh7 47.c6 Rxf2 48.Rc7+ Kh6 49.Rc8 Kh7 50.Rcg8 Rdd2
51.R8g2 h4 52.Rxf2 Rxf2 53.Rc1 Rf8 54.a5  1-0

[Event "Titled Tue 17th Sep Early"]
[Site "chess.com INT"]
[Date "2024.09.17"]
[Round "11"]
[White "Shimanov,A"]
[Black "Nakamura,Hi"]
[Result "0-1"]
[WhiteElo "2582"]
[BlackElo "2802"]

1.e4 c6 2.d4 d5 3.Nc3 dxe4 4.Nge2 Bf5 5.Ng3 Bg6 6.Ncxe4 e6 7.Bf4 Nf6 8.Nxf6+ gxf6
9.c3 Bd6 10.Qd2 Qc7 11.Bxd6 Qxd6 12.h4 h5 13.Be2 Nd7 14.Bf3 O-O-O 15.O-O-O Qc7
16.Be4 Rdg8 17.Rdg1 a5 18.Bxg6 Rxg6 19.Ne2 Nb6 20.g3 f5 21.Nf4 Rg4 22.Nd3 Nd5
23.Ne5 Rgg8 24.c4 Nf6 25.Kb1 Rd8 26.Qe3 Rd6 27.Rd1 Rhd8 28.Rd3 Ne4 29.Rhd1 b6
30.f3 Nxg3 31.Qf4 Ne2 32.Qe3 Ng3 33.Qf4 f6 34.Qxg3 fxe5 35.Qxe5 Kb7 36.a3 R6d7
37.Qxe6 Qf4 38.d5 c5 39.Qc6+ Ka7 40.d6 Qxc4 41.Qd5 Qf4 42.Qe6 Qxh4 43.Qxf5 Qh2
44.Qe6 h4 45.a4 Qf4 46.Qe4 Rf8 47.Qxf4 Rxf4 48.Rh1 Rxa4 49.Kc1 Kb7 50.Kd2 Rb4
51.b3 Kc6 52.Rg1 Rxd6 53.Rxd6+ Kxd6 54.Rg6+ Ke5 55.Kc3 Kf4  0-1

[Event "Titled Tue 24th Sep Late"]
[Site "chess.com INT"]
[Date "2024.09.24"]
[Round "1"]
[White "Nakamura,Hi"]
[Black "Shubenkova,Veronika"]
[Result "1-0"]
[WhiteElo "2802"]
[BlackElo "2024"]

1.e4 c6 2.d4 d5 3.e5 Bf5 4.h4 h6 5.g4 Bh7 6.Bd3 Bxd3 7.Qxd3 e6 8.h5 c5 9.c3 Nc6
10.f4 Qb6 11.Nf3 Rc8 12.dxc5 Bxc5 13.Nbd2 a5 14.Nb3 Bf2+ 15.Ke2 a4 16.Nbd2 Nge7
17.b4 Qa7 18.Rf1 Bb6 19.Ba3 Qb8 20.Rae1 Na7 21.f5 Qc7 22.Rc1 Nac6 23.f6 Nxe5
24.fxg7 Rg8 25.Qh7 Nxg4 26.c4 Nf6 27.Qxh6 Ng4 28.Qg5 Qg3 29.c5 f6 30.Qh4 Qg2+
31.Ke1 Nf5 32.Qh1 Qg3+ 33.Kd1 Nge3+ 34.Ke2 Nxf1 35.Rxf1 Qf4 36.Qh3 Qe3+ 37.Kd1 Bc7
38.Re1 Qxa3 39.Qxf5 Be5 40.Qxe6+  1-0

[Event "Titled Tue 24th Sep Early"]
[Site "chess.com INT"]
[Date "2024.09.24"]
[Round "1"]
[White "Iskusnyh,S"]
[Black "Nakamura,Hi"]
[Result "1/2-1/2"]
[WhiteElo "2440"]
[BlackElo "2802"]

1.d4 g6 2.c4 Bg7 3.Nf3 d6 4.g3 Bd7 5.Nc3 Qc8 6.h3 c5 7.Be3 cxd4 8.Bxd4 Nf6
9.Nd5 e5 10.Nxf6+ Bxf6 11.Be3 Qc7 12.Bg2 O-O 13.O-O Bc6 14.Rc1 Nd7 15.b4 Rfd8
16.Qb3 a5 17.b5 Be4 18.Nd2 Bf5 19.g4 Be6 20.Ne4 Be7 21.Rfd1 f6 22.Nc3 Nc5
23.Bxc5 dxc5 24.Bd5 Qc8 25.Bxe6+ Qxe6 26.Nd5 Rd7 27.e4 Rad8 28.Rd3 Bf8 29.Rcd1 Kg7
30.Nc7 Qf7 31.Rxd7 Rxd7 32.Rxd7 Qxd7 33.Nd5 Be7 34.Qd3 Bd8 35.Nf4 Qxd3 36.Nxd3 b6
37.Nb2 f5 38.f3 Kf6 39.Kg2 h5 40.Nd3 Bc7 41.Kg3 Bd6 42.gxf5 gxf5 43.Kh4 Kg6
44.Kg3 Kg5 45.h4+ Kf6 46.Kh3 Bf8 47.Nb2 Be7 48.Na4 Bd8 49.Nc3 Ke6 50.Nd5 f4
51.Nc3 Kf7 52.Na4 Ke6 53.Nc3 Kd6 54.Nd5 Ke6 55.Nc3  1/2-1/2

[Event "Titled Tue 24th Sep Early"]
[Site "chess.com INT"]
[Date "2024.09.24"]
[Round "2"]
[White "Nakamura,Hi"]
[Black "De Lomas Busquets,Alba"]
[Result "1-0"]
[WhiteElo "2802"]
[BlackElo "2026"]

1.e4 c5 2.Nf3 d6 3.c3 Nf6 4.Bd3 g6 5.Bc2 Bg7 6.h3 b6 7.d4 cxd4 8.cxd4 Bb7
9.Nc3 a6 10.Qe2 O-O 11.O-O Nbd7 12.Rd1 Rc8 13.e5 Nd5 14.Bb3 Nxc3 15.bxc3 d5
16.e6 fxe6 17.Ng5 Kh8 18.Nxe6 Qe8 19.Nxf8 Qxf8 20.Ba3 Re8 21.Rd3 Nf6 22.Re1 Ne4
23.f3 Ng3 24.Qf2 Nf5 25.g4 Nd6 26.Rde3 Nc8 27.f4 Bf6 28.f5 gxf5 29.Qxf5 Qg7
30.Rf3 Rf8 31.Kh1 b5 32.g5 e6 33.gxf6 Qh6 34.Bxf8 Qxf8 35.Qg4 Nd6 36.Qg7+ Qxg7
37.fxg7+ Kxg7 38.Rxe6 Ne4 39.Re7+  1-0

[Event "Titled Tue 24th Sep Late"]
[Site "chess.com INT"]
[Date "2024.09.24"]
[Round "2"]
[White "Lamaze,Simon"]
[Black "Nakamura,Hi"]
[Result "0-1"]
[WhiteElo "2458"]
[BlackElo "2802"]

1.g4 d5 2.h3 h5 3.g5 e5 4.d3 Ne7 5.Bg2 Ng6 6.e4 Nh4 7.Bf3 Be7 8.exd5 Bxg5
9.Nd2 g6 10.Ne4 Bxc1 11.Rxc1 f5 12.Nd2 Nd7 13.c4 O-O 14.Ne2 Nc5 15.Rc3 e4
16.dxe4 fxe4 17.Bxe4 Qf6 18.Rf1 Bf5 19.Qc2 Rae8 20.Ng3 Nxe4 21.Ndxe4 Bxe4
22.Nxe4 Nf3+ 23.Kd1 Qe5 24.Re3 Nd4 25.Qd3 Nf5 26.Re2 Qf4 27.Rfe1 Re7 28.Ng3 Rxe2
29.Rxe2 Qg5 30.Nxf5 Rxf5 31.Qe3 Qxe3 32.Rxe3 Rxf2 33.Re7 Rf7 34.Rxf7 Kxf7
35.h4 Kf6 36.Kd2 g5 37.hxg5+ Kxg5 38.Ke3 Kf5 39.b4 Ke5 40.a4 h4  0-1

[Event "Titled Tue 24th Sep Late"]
[Site "chess.com INT"]
[Date "2024.09.24"]
[Round "3"]
[White "Nakamura,Hi"]
[Black "Cieslak,Patryk"]
[Result "1-0"]
[WhiteElo "2802"]
[BlackElo "2374"]

1.Nf3 d5 2.g3 Nc6 3.d4 Bf5 4.Bg2 Nb4 5.Na3 e6 6.c3 Nc6 7.Nb1 Be7 8.Nbd2 Nf6
9.Nh4 Bg4 10.h3 Bh5 11.g4 Bg6 12.Nxg6 hxg6 13.e3 Qd7 14.c4 Bb4 15.Qc2 dxc4
16.Qxc4 Nd5 17.a3 Na5 18.Qc2 Bxd2+ 19.Bxd2 Qc6 20.Qd3 Qc4 21.Ke2 Qxd3+ 22.Kxd3 Nb3
23.Rad1 Nxd2 24.Rxd2 c6 25.b4 g5 26.Rb2 a6 27.a4 Kd7 28.Rc1 Rhc8 29.Kd2 Rc7
30.Rc5 Nb6 31.Ra2 Nd5 32.Rb2 Nb6 33.Rb1 f6 34.Ra1 a5 35.b5 cxb5 36.Rxb5 Nc4+
37.Kd3 Nd6 38.Rb2 Rb8 39.Ke2 Rc4 40.Kf3 b6 41.Kg3 Kc7 42.h4 gxh4+ 43.Kxh4 Rc3
44.Kg3 Nc4 45.Rbb1 Kd6 46.Rh1 b5 47.axb5 Rxb5 48.Rh7 Rb2 49.Rxg7 Rcc2 50.Bf1 Rxf2
51.Bxc4 Rg2+ 52.Kf4 Rbf2+ 53.Ke4 f5+ 54.Kd3 Rd2+ 55.Kc3 Rc2+ 56.Kb3 Rb2+
57.Ka3 Rbc2 58.Bb3 Rc3 59.Rg6 Rxe3 60.gxf5 Rxg6 61.fxg6 Rg3 62.Kb2 Rxg6 63.Rxa5 Rg3
64.Ra6+  1-0

[Event "Titled Tue 24th Sep Early"]
[Site "chess.com INT"]
[Date "2024.09.24"]
[Round "3"]
[White "Punin,Andrii"]
[Black "Nakamura,Hi"]
[Result "0-1"]
[WhiteElo "2289"]
[BlackElo "2802"]

1.e4 c6 2.Nc3 d5 3.Nf3 dxe4 4.Nxe4 Nf6 5.Qe2 Bf5 6.Nxf6+ gxf6 7.d3 e6 8.g3 Nd7
9.Bg2 Bg6 10.Bd2 Qb6 11.O-O-O O-O-O 12.Nh4 Bb4 13.Bxb4 Qxb4 14.Nxg6 hxg6
15.h4 f5 16.c3 Qa5 17.Kb1 Nf6 18.d4 f4 19.g4 g5 20.h5 Qc7 21.Bf3 Ng8 22.Rd2 Nh6
23.Rhd1 Rd7 24.c4 Qd6 25.d5 cxd5 26.cxd5 e5 27.Be4 Kb8 28.f3 Rc7 29.Rc1 Rxc1+
30.Kxc1 Ng8 31.Rc2 Ne7 32.Qd3 Nc8 33.Qb5 Qe7 34.a4 Nd6 35.Qb4 Qd7 36.Kb1 f6
37.a5 a6 38.b3 Nb5 39.Kb2 Qd6 40.Qxd6+ Nxd6 41.Bg6 Nb5 42.Be4 Nd6 43.Bg6 Nc8
44.Be4 Rh6 45.Bf5 Nd6 46.Bg6 Nb5 47.Bf5 Rh8 48.Be4 Nd4 49.Rc4 f5 50.gxf5 Rh6
51.Rc1 Rxh5 52.d6 Rh2+ 53.Ka3 Nb5+ 54.Kb4 Nxd6 55.f6 Rh6 56.Rg1 Rxf6 57.Rxg5 Nxe4
58.fxe4 f3 59.Rg1 f2 60.Rf1 Kc7 61.Kc5 Rf3 62.Kd5 b6 63.axb6+ Kxb6 64.Kxe5 Kc5
65.Rc1+ Kb4 66.Rf1 Kc3 67.Kd5 Kd3 68.e5 Ke2 69.Rh1 Rxb3 70.e6 f1=Q 71.Rxf1 Kxf1
72.e7 Re3 73.Kd6 a5  0-1

[Event "Titled Tue 24th Sep Early"]
[Site "chess.com INT"]
[Date "2024.09.24"]
[Round "4"]
[White "Nakamura,Hi"]
[Black "Zubarev,Al1"]
[Result "1-0"]
[WhiteElo "2802"]
[BlackElo "2372"]

1.e4 e6 2.d3 d5 3.Nd2 Nf6 4.Ngf3 Be7 5.g3 a5 6.Bg2 a4 7.a3 O-O 8.O-O h6 9.e5 Nh7
10.h4 c5 11.Re1 Nc6 12.Nf1 b5 13.c3 Na5 14.Bf4 Nb3 15.Rb1 b4 16.N1d2 bxc3
17.bxc3 Ba6 18.c4 dxc4 19.dxc4 Rb8 20.Qc2 Nxd2 21.Nxd2 Qa5 22.Be4 Rxb1 23.Bxh7+ Kh8
24.Rxb1  1-0

[Event "Titled Tue 24th Sep Late"]
[Site "chess.com INT"]
[Date "2024.09.24"]
[Round "4"]
[White "Brodsky,David"]
[Black "Nakamura,Hi"]
[Result "0-1"]
[WhiteElo "2534"]
[BlackElo "2802"]

1.e4 d5 2.exd5 Qxd5 3.Nc3 Qa5 4.d4 c6 5.Nf3 Nf6 6.Bc4 Bf5 7.Bd2 Qc7 8.Ne5 e6
9.g4 Be4 10.O-O Bd5 11.Nxd5 Nxd5 12.f4 Nd7 13.Qf3 Bd6 14.Rae1 O-O 15.c3 Rad8
16.Bb3 c5 17.Nxd7 Rxd7 18.c4 Ne7 19.Bc3 cxd4 20.Bxd4 Bb4 21.Bc3 Bxc3 22.Qxc3 Rfd8
23.Qe3 Nc6 24.Bc2 Nb4 25.Bb1 Qxc4 26.Rc1 Qa6 27.f5 Nd5 28.Qf2 e5 29.Rfd1 h6
30.Bd3 Qa4 31.Bc4 Nf4 32.Rxd7 Qxd7 33.Qe3 h5 34.Qxe5 Qd2 35.Bxf7+ Kh8  0-1

[Event "Titled Tue 24th Sep Early"]
[Site "chess.com INT"]
[Date "2024.09.24"]
[Round "5"]
[White "Kravtsiv,M"]
[Black "Nakamura,Hi"]
[Result "0-1"]
[WhiteElo "2598"]
[BlackElo "2802"]

1.e4 c6 2.Nf3 d5 3.d3 Nf6 4.e5 Nfd7 5.d4 Nb6 6.c3 Bf5 7.Nh4 Bxb1 8.Rxb1 e6
9.Nf3 c5 10.Be3 N6d7 11.Qa4 Nc6 12.Bb5 Qc7 13.O-O a6 14.c4 Nb6 15.Bxc6+ Qxc6
16.Qxc6+ bxc6 17.cxd5 Nxd5 18.Rfc1 a5 19.a3 Be7 20.dxc5 Kd7 21.Bd2 a4 22.Kf1 Rhb8
23.Rc4 Rb5 24.Nd4 Rxc5 25.Rbc1 Rxc4 26.Rxc4 c5 27.Ne2 Kc6 28.Nc3 Nb6 29.Rg4 g6
30.Ke2 Ra7 31.Rf4 Bg5 32.Re4 Bd8 33.h4 h5 34.g3 Bc7 35.Be3 Rb7 36.Kd1 Ra7
37.Kc2 Bb8 38.f3 Ra6 39.Bf2 Ra7 40.g4 Nd7 41.gxh5 gxh5 42.f4 Nb6 43.Bg1 Ra6
44.Re2 Nd5 45.Nxd5 exd5 46.Rg2 d4 47.Rg5 Ba7 48.Rxh5 Kd5 49.f5 Kxe5 50.f6+ Ke4
51.Rg5 c4 52.h5 d3+ 53.Kc3 Bxg1 54.Rxg1 Rxf6 55.Kxc4 Rc6+ 56.Kb5 Rh6 57.Kc4 d2
58.Rd1 Ke3 59.Kc3 Rc6+ 60.Kb4 Ke2  0-1

[Event "Titled Tue 24th Sep Late"]
[Site "chess.com INT"]
[Date "2024.09.24"]
[Round "5"]
[White "Nakamura,Hi"]
[Black "Ibrahimli,Murad"]
[Result "1-0"]
[WhiteElo "2802"]
[BlackElo "2415"]

1.Nf3 d5 2.g3 Nd7 3.d4 Nb6 4.Bg2 Nf6 5.Nc3 Bf5 6.a4 a5 7.Nh4 e6 8.O-O Be7
9.f3 Bg6 10.e4 c6 11.Nxg6 hxg6 12.e5 Nfd7 13.Ne2 c5 14.c3 cxd4 15.cxd4 Bb4
16.b3 Nc8 17.Be3 Ne7 18.Qd3 Nc6 19.f4 Qb6 20.Rfc1 Qa6 21.Qd1 Qb6 22.Bf1 g5
23.Bf2 Be7 24.Rc3 g6 25.fxg5 Bxg5 26.Rf3 Rc8 27.Nc3 Be7 28.Bb5 O-O 29.Ne2 Kg7
30.Be3 Ndb8 31.Qd2 Rh8 32.Raf1 Rcf8 33.Nf4 Bb4 34.Qf2 Qc7 35.Bd3 Qe7 36.h4 Nd7
37.Nh3 Bc3 38.Bb5 f5 39.exf6+ Rxf6 40.Bxc6 bxc6 41.Qc2 Rxf3 42.Rxf3 Bb4 43.Nf4 Nf8
44.Nd3 Bd6 45.Bg5 Qa7 46.Bf6+ Kg8 47.Qxc6 Rh7 48.Qxd6 Rf7 49.Qc5 Qb7 50.Ne5 Rc7
51.Qd6 Rc1+ 52.Kg2 Qc8 53.Bg5 Qc2+ 54.Rf2 Qe4+ 55.Nf3 Qb1 56.Bxc1 Qxc1 57.Ng5  1-0

[Event "Titled Tue 24th Sep Late"]
[Site "chess.com INT"]
[Date "2024.09.24"]
[Round "6"]
[White "Deac,Bogdan-Daniel"]
[Black "Nakamura,Hi"]
[Result "0-1"]
[WhiteElo "2680"]
[BlackElo "2802"]

1.d4 d5 2.c4 e6 3.Nf3 a6 4.Bg5 Be7 5.Bxe7 Qxe7 6.Nbd2 Nf6 7.Rc1 O-O 8.g3 b6
9.Bg2 Bb7 10.O-O Rc8 11.Qb3 Nbd7 12.Rfd1 c5 13.cxd5 Bxd5 14.Qa3 Kf8 15.dxc5 Rxc5
16.Rxc5 Qxc5 17.b4 Qe7 18.Qb2 a5 19.bxa5 Rxa5 20.Nb3 Qa3 21.Qc3 Rc5 22.Qd2 Bxb3
23.Qd6+ Ke8 24.axb3 Qxb3 25.Ne5 Rxe5 26.Ra1 Ra5 27.Rc1 Rc5 28.Ra1 Rc8 29.Bb7 Qc3
30.Ra7 Qc7  0-1

[Event "Titled Tue 24th Sep Early"]
[Site "chess.com INT"]
[Date "2024.09.24"]
[Round "6"]
[White "Nakamura,Hi"]
[Black "Mahdavi,Reza"]
[Result "0-1"]
[WhiteElo "2802"]
[BlackElo "2394"]

1.Nf3 Nf6 2.g3 g6 3.b3 b6 4.Bb2 Bg7 5.d4 Bb7 6.c4 O-O 7.Bg2 e6 8.O-O Qe7
9.Qc2 d6 10.Nc3 c5 11.e4 Nc6 12.d5 exd5 13.Nxd5 Nxd5 14.Bxg7 Kxg7 15.cxd5 Nb4
16.Qb1 f5 17.h4 fxe4 18.Ng5 Bxd5 19.Re1 Qf6 20.Nxe4 Bxe4 21.Qxe4 Rae8 22.Qf4 Qxf4
23.gxf4 Rxe1+ 24.Rxe1 Rxf4 25.a3 Nc2 26.Re6 Rf6 27.Re7+ Rf7 28.Re6 Nd4 29.Rxd6 Nf5
30.Rd8 Nxh4 31.Bd5 Re7 32.f4 Nf5 33.Kf2 h5 34.Rg8+ Kf6 35.Rf8+ Kg7 36.Rg8+ Kh7
37.Ra8 Ne3 38.Bf3 Kg7 39.b4 cxb4 40.axb4 Nc2 41.b5 Nd4 42.Bc6 Nxc6 43.bxc6 Rc7
44.Kf3 a5  0-1

[Event "Titled Tue 24th Sep Early"]
[Site "chess.com INT"]
[Date "2024.09.24"]
[Round "7"]
[White "Albornoz Cabrera,Carlos Daniel"]
[Black "Nakamura,Hi"]
[Result "0-1"]
[WhiteElo "2579"]
[BlackElo "2802"]

1.e4 d5 2.exd5 Qxd5 3.Nc3 Qa5 4.d4 c6 5.Bc4 Bf5 6.Nf3 e6 7.Bd2 Qc7 8.Qe2 Be7
9.O-O-O Nd7 10.Ne5 Ngf6 11.f3 Nxe5 12.dxe5 Nd5 13.Nxd5 exd5 14.Bd3 Bxd3 15.Qxd3 Rd8
16.f4 c5 17.Kb1 O-O 18.Rhe1 f5 19.c4 d4 20.Rg1 Qd7 21.h3 Qe6 22.g4 Kh8 23.Rg2 b5
24.b3 a6 25.Rc1 Rb8 26.Ka1 g6 27.g5 Qc6 28.Re2 h5 29.gxh6 Kh7 30.e6 a5 31.h4 Bxh4
32.e7 Rfe8 33.Bxa5 Rxe7 34.Rxe7+ Bxe7 35.Re1 Bf6 36.Bd2 b4 37.a4 bxa3 38.Ka2 Rb7
39.Bc1 Qb6 40.Re2 Qc6 41.Bd2 Qh1 42.Re1 Qg2 43.Re2 Qc6 44.Re1 Re7 45.Rxe7+ Bxe7
46.Kxa3 Qe4 47.Qf1 d3 48.Qe1 Bf6 49.Ka4 Qc6+ 50.Ka3 Qa8+ 51.Ba5 Bd8 52.Kb2 Qxa5
53.Qe8 Bf6+  0-1

[Event "Titled Tue 24th Sep Late"]
[Site "chess.com INT"]
[Date "2024.09.24"]
[Round "7"]
[White "Nakamura,Hi"]
[Black "Keymer,Vincent"]
[Result "0-1"]
[WhiteElo "2802"]
[BlackElo "2730"]

1.e4 c6 2.Nc3 d5 3.Nf3 dxe4 4.Nxe4 Nf6 5.Ng3 h5 6.Bc4 h4 7.Nf1 Nbd7 8.a4 Nb6
9.Be2 Nbd5 10.d4 Bf5 11.c3 h3 12.g3 e6 13.N1d2 Bd6 14.O-O a5 15.Nc4 Bc7 16.Ng5 Ne4
17.Nxe4 Bxe4 18.Bf3 Bxf3 19.Qxf3 Qf6 20.Qxf6 gxf6 21.Re1 f5 22.f3 Ke7 23.Kf2 f6
24.Bd2 Kf7 25.Ne3 Rag8 26.f4 Nb6 27.b3 Rd8 28.Re2 Nc8 29.Nc4 Rhe8 30.Kf3 b6
31.Rae1 b5 32.Nb2 Nd6 33.Nd3 Ne4 34.Nf2 Nxf2 35.Kxf2 Bb6 36.Be3 Rd7 37.Kf3 Rd6
38.Rc1 Rc8 39.Rcc2 bxa4 40.bxa4 c5 41.Red2 cxd4 42.cxd4 Rxc2 43.Rxc2 Bxd4
44.Rd2 e5 45.g4 Ke6 46.fxe5 fxe5 47.Bh6 e4+ 48.Kg3 Be5+ 49.Kxh3 f4 50.Rxd6+ Kxd6
51.Bg5 f3 52.Bd2 Kd5 53.g5 Kd4 54.Bxa5 e3 55.g6 f2 56.Kg2 Kd3 57.Kf1 Bd4  0-1